Stress management and relaxation activities for trainers

Bibliographic Details
Main Author: Epstein, Robert
Format: Book
Published: New York : McGraw Hill Co.,Inc. , 1999
Subjects:

MARC

LEADER 00000cam a2200000 7i4500
001 0000036674
002 000039702
005 20000331.0
020 |a 0070217637 
090 0 0 |a 155.9042   |b EPS 
100 1 |a Epstein, Robert   |f Ph.D 
245 1 0 |a Stress management and relaxation activities for trainers   |c Robert Epstein, Ph.D 
260 |a New York :   |b McGraw Hill Co.,Inc. ,   |c 1999 
300 |a 313p. ;   |c 35cm. 
650 0 0 |a Stress management 
999 |a 083694   |b BUKU   |c RUJUKAN   |e PERPUSTAKAAN KOMUNITI PETALING JAYA